00739nam a2200157 i 4500001000700000003000900007005001700016008004100033100002800074245022000102260006600322300003600388650002100424710004000445852009600485154457ES-MaACL20250903063441.0990804s1855 sp |||| | spa d1 aGómez Lobo, Leopoldo.10aConsideraciones relativas a la defensa de los estados en general y a las fortificaciones en particular, como introducción a una completa teoría defensiva, estratégica y táctica / cpor Leopoldo Gómez Lobo. aMadrid : b[s.n.], c1855 (fImp. del Memorial de Ingenieros) a221 p., [1] h. pleg. ; c24 cm. 4aFortificaciones.2 aImprenta del Memorial de Ingenieros4 aES-MaACLjT-33-F-2 z- Enc. hol., falto de cub. original z- Enc. en un vol. facticio